Chuyển đổi tổ chức phát triển quỹ đất sang mô hình doanh nghiệp : Luận văn thạc sĩ luật học. Chuyên ngành Luật kinh tế

Đề tài nghiên cứu các quy định của pháp luật hiện hành về Tổ chức phát triển quỹ đất, nghiên cứu ý kiến của nhà khoa học, người làm công tác quản lý và nhà đầu tư về tiềm năng, hiệu quả của việc chuyển đổi mô hình; đồng thời đề...

ver descrição completa

Na minha lista:
Detalhes bibliográficos
Autor principal: Võ, Nguyễn Nam Trung
Formato: Livro
Idioma:Undetermined
Publicado em: Cần Thơ Trường Đại học Cần Thơ 2015
Assuntos:
Tags: Adicionar Tag
Sem tags, seja o primeiro a adicionar uma tag!
Thư viện lưu trữ: Trung tâm Học liệu Trường Đại học Cần Thơ
LEADER 01274nam a2200217Ia 4500
001 CTU_201808
008 210402s9999 xx 000 0 und d
082 |a 333.73 
082 |b Tr513 
088 |a 60380107 
100 |a Võ, Nguyễn Nam Trung 
245 0 |a Chuyển đổi tổ chức phát triển quỹ đất sang mô hình doanh nghiệp : 
245 0 |b Luận văn thạc sĩ luật học. Chuyên ngành Luật kinh tế 
245 0 |c Võ Nguyễn Nam Trung ; Phan Trung Hiền (Cán bộ hướng dẫn) 
260 |a Cần Thơ 
260 |b Trường Đại học Cần Thơ 
260 |c 2015 
520 |a Đề tài nghiên cứu các quy định của pháp luật hiện hành về Tổ chức phát triển quỹ đất, nghiên cứu ý kiến của nhà khoa học, người làm công tác quản lý và nhà đầu tư về tiềm năng, hiệu quả của việc chuyển đổi mô hình; đồng thời đề xuất một số giải pháp cho việc chuyển đổi. 
650 |a Tài nguyên thiên nhiên,Natural resources 
904 |i Khoa 
980 |a Trung tâm Học liệu Trường Đại học Cần Thơ